Digital Watermarking and Steganography /
Guardado en:
| Otros autores: | |
|---|---|
| Formato: | Libro |
| Idioma: | Español |
| Publicado: |
Burlington, EUA :
Elsevier : Morgan Kaufmann,
2008, c2008
|
| Edición: | 2a edición |
| Temas: | |
| Etiquetas: |
Sin etiquetas, Sé el primero en etiquetar este registro!
|
MARC
| LEADER | 00000nam^a2200000^a^4500 | ||
|---|---|---|---|
| 001 | 000400713 | ||
| 005 | 20250521000000.0 | ||
| 009 | 20260310121625.477 | ||
| 020 | |a 978-0-12-372585-1 | ||
| 037 | |a Acervo ITESO - Biblioteca | ||
| 041 | |a ESP | ||
| 082 | |a 005. 8 |b DIG | ||
| 245 | 0 | 0 | |a Digital Watermarking and Steganography / |c I.J. Cox... [et al.]. |
| 250 | |a 2a edición | ||
| 264 | 4 | |a Burlington, EUA : |b Elsevier : |b Morgan Kaufmann, |c 2008, c2008 | |
| 300 | |a XXVIII, 593 p. | ||
| 336 | |a texto |b txt |2 rdacontenido | ||
| 337 | |a sin mediación |b n |2 rdamedio | ||
| 338 | |a volumen |b nc |2 rdasoporte | ||
| 521 | |a Peticiones 2018 | ||
| 649 | |a XX | ||
| 650 | |a Filigranas (Digital) | ||
| 650 | |a Comunicaciones Digitales | ||
| 650 | |a Codificación y Decodificación | ||
| 650 | |a Protección de Datos - |x Tema Principal | ||
| 650 | |a Esteganografía - |x Tema Principal | ||
| 650 | |a Criptografía | ||
| 650 | |a Computadoras - |x Seguridad | ||
| 650 | |a Seguridad Informática - |x Tema Principal | ||
| 650 | |a Ingeniería Computacional | ||
| 700 | |a Cox, Ingemar J. |e (autor) | ||
| 910 | |a Fondo General | ||
| 920 | |a Impresos - Libros | ||
| 930 | |a Colección General | ||
| 905 | |a 101 | ||
| 901 | |a 0500295917 |b IT1 |c ACC |u 20250521 | ||
| 902 | |a https://opac.biblio.iteso.mx/vufind/Record/000400713 | ||